1709 1197 1901 1189 1519 1893 1890 1435 1029 1700 1188 1362 1435 1765 1219 1340 1577 1858 1165 1122 1905 1314 1648 1314 1926 1142 1982 1831 1052 1535 1413 1198 1414 1467 1103 1262 1606 1802 1326 1931 1129 1364 1578 1528 1790 1902 1940 1193 1155 1933 1250 1266 1772 1109 1183 1349 1113 1424 1908 1322 1015 1901 1323 1308 1755 1738 1436 1862 1072 1305 1011 1567 1367 1817 1943 1974 1362 1914 1969 1165 1463 1729 1908 1107 1562 1234 1066 1698 1793 1709 1653 1694 1556 1701 1829 1247 1770 1190 1566 BCNSPRNW ULIB Ver.6.0+V

เปลี่ยนเป็นภาษาไทย

Change to English
 แสดงรายละเอียดบรรณานุกรม
  กลับหน้าหลัก

Brief Record : Get Marc (ISO 2709) : E-mail record : QR code < ปิดหน้าต่าง
LEADER : 00000nam 2200000uu 4500
001    13399120987
003     ULIB
008    121029s2550||||th 000 0 tha d
020    ^a9749940598
020    ^a9789749940594
050  4 ^aHA62^bก398ก
100 0  ^aกัลยา วานิชย์บัญชา
245 10 ^aการใช้ SPSS for windows ในการวิเคราะห์ข้อมูล /^cกัลยา วานิชย์บัญชา
250    ^aพิมพ์ครั้งที่ 10
260    ^a[กรุงเทพฯ] :^bภาควิชาสถิติ คณะพาณิชยศาสตร์และการบัญชีจุฬาลงกรณ์มหาวิทยาลัย,^c2550
300    ^axii, 524 หน้า :^bภาพประกอบ ;^c26 ซม.
650  4 ^aโปรแกรมคอมพิวเตอร์^xการประมวลผลข้อมูล
650  4 ^aเอสพีเอสเอส (โปรแกรมคอมพิวเตอร์)
650  4 ^aเอสพีเอสเอสสำหรับวินโดวส์
710 2  ^aจุฬาลงกรณ์มหาวิทยาลัย. ^bคณะพาณิชยศาสตร์และการบัญชี.^bภาควิชาสถิติ
945    ^p320^l0^i14535
995    ^aทศพร
999    ^aทศพร เกษรทอง
รายการนี้ยังไม่มีแท็ก
คุณยังไม่ได้ล็อกอิน คุณสามารถมีกิจกรรมร่วมกับเว็บไซต์ได้ แต่ต้องล็อกอินก่อน ::
  ล็อกอิน

รายการสื่อสารสนเทศ

ลำดับที่ ประเภท เลขเรียก/บาร์โค้ด สถานที่ สถานะ
1. วิทยาศาสตร์การแพทย์ และสุขภาพ
วิทยาศาสตร์การแพทย์ และสุขภาพ
HA62 ก398ก ฉ.1 
  Barcode: 14535
ห้องสมุดวิทยาเขตสวรรค์ประชารักษ์
►หนังสือทั่วไป
บนชั้น

รายการใกล้เคียง
    ผู้แต่ง [กัลยา วานิชย์บัญชา]

    หัวเรื่อง [เอสพีเอสเอส (โปรแกรมคอมพิวเตอร์)]
    หัวเรื่อง [เอสพีเอสเอสสำหรับวินโดวส์]

BibComment


ยังไม่เคยถูกคอมเมนท์

คอมเมนท์ทรัพยากรรายการนี้
  คอมเมนท์: การใช้ SPSS for ..


 Copyright 2026. Bcnsprnw @Library